Postavenie, úloha a význam dopravy vo výrobnom procese diplomová práca

Guardado en:
Detalles Bibliográficos
Autor principal: Jenčíková, Nikola
Autor Corporativo: Fakulta podnikového manažmentu EU. Katedra manažmentu výroby a logistiky - zrušená
Otros Autores: Stern, Juraj
Formato: Libro
Lenguaje:eslovaco
Publicado: Bratislava 2015
Etiquetas: Agregar Etiqueta
Sin Etiquetas, Sea el primero en etiquetar este registro!

MARC

LEADER 00000nbm a2200000 4500
001 0201364
005 20161212102818.4
041 0 |a slo 
044 |a SK 
245 1 0 |a Postavenie, úloha a význam dopravy vo výrobnom procese  |b diplomová práca  |c Nikola Jenčíková ; školiteľ: Juraj Stern 
264 1 |a Bratislava  |c 2015 
300 |a 81 s. 
100 1 |a Jenčíková, Nikola 
700 1 |a Stern, Juraj 
710 2 |a Fakulta podnikového manažmentu EU. Katedra manažmentu výroby a logistiky - zrušená